000 01230nam a22003617a 4500
003 CHAP
005 20220329141246.0
008 971010s1970 r 00010 d
010 _a65298
011 _a66270
035 _a74290
040 _cCHAP
090 _aTesis
100 0 0 _aSantos Valadez, Saúl de los.
_9102537
245 _aMetodologías para la determinación y cálculo del uso consuntivo del agua
260 _aChapingo, Méx. :
_bEl autor,
_c1970
300 _a151 h
502 _aTesis (Ing. Agr. Esp. en Irrigación) -- ENA. Departamento de Irrigación
590 _aALEPH
_b10
_c20130110
_lUCH01
_h1355
590 _aBATCH-UPD
_b10
_c20130110
_lUCH01
_h0447
590 _aBATCH-UPD
_b10
_c20130410
_lUCH01
_h0124
590 _aBATCH-UPD
_b10
_c20130914
_lUCH01
_h1120
590 _aCONVERSION
_b10
_c20130109
_lUCH01
_h1336
650 1 4 _aCultivos
_xAgua requerida.
_930224
650 1 4 _aPlantas
_xTranspiración.
_988892
901 _aBK
942 _cFOLL
949 _bBC
_cTES
_d-153864
_eTS1
_i74290
_si
949 _bBC
_cTES
_d-153865
_eTS2
_fc.2
_i74290
_si
949 _bBC
_cTES
_d-153866
_eTS2
_fc.3
_i74290
_si
949 _bI
_cTESBD
_d-63014
_eTS2
_fc.2
_h550
_i74290
_si
949 _bI
_cTESBD
_d-7154
_eTS1
_i74290
_si
999 _c65298
_d65298